000 00679nam a2200253Ia 4500
003 OSt
005 20221005032103.0
006 a|||||r|||| 00| 0
007 ta
008 221004b |||||||| |||| 00| 0 tam d
020 _c05
024 _a63778
037 _cTextual
040 _aCRL
_cCRL
_btam
041 _2tam
_atam
082 _aR673x6,1, 31L4
100 _aNatarajan A.Le. Co.
_9584771
245 0 _aVallalar Amutha Mozhikal Aaiyeram
260 _aChennai
_bVaanathi Pathippakam India
_c1974
300 _a227p.
_ccm.
650 _aPHILOSOPHY
942 _hR673x6,1, 31L4
_cTEXL
_2cc
999 _c939070
_d939070